Statistics for Biggest Cities with 5 or Fewer Letters by Continent

Click here to take the quiz!

General Stats

  • This quiz has been taken 108 times
    (83 since last reset)
  • The average score is 19 of 30

Answer Stats

Population City % Correct
17.1 milCairo
97%
39.8 milTokyo
97%
11.3 milParis
96%
10.1 milLima
91%
3.6 milRome
91%
17.6 milLagos
90%
2.0 milPerth
88%
27.2 milDelhi
87%
5.1 milMilan
87%
6.2 milMiami
86%
24.8 milSeoul
84%
3.4 milKiev
74%
3.4 milDakar
74%
4.7 milAccra
74%
17.9 milDhaka
72%
2.6 milQuito
70%
17.8 milOsaka
67%
1.9 milLa Paz
62%
173 kSuva
59%
4.2 milTampa
57%
3.0 milCali
57%
36 kApia
51%
4.3 milKano
51%
2.1 milLeeds
45%
2.2 milBelém
39%
987 kTulsa
32%
924 kOmaha
32%
1.8 milLeón
23%
149 kLae
9%
36 kDubbo
4%

Score Distribution

Percentile by Number Answered

Percent of People with Each Score

Your Score History

You have not taken this quiz since the last reset